NLSUI OPAC header image

The new panchayati raj in Karnataka : An evaluation (Record no. 5336)

MARC details
000 -LEADER
fixed length control field 00480nam a2200157Ia 4500
008 - FIXED-LENGTH DATA ELEMENTS--GENERAL INFORMATION
fixed length control field 160316s1992 xxu||||| |||| 00| 0 eng d
082 ## - DEWEY DECIMAL CLASSIFICATION NUMBER
Classification number 320.800000
Item number NEW-1
100 ## - MAIN ENTRY--PERSONAL NAME
Personal name
245 ## - TITLE STATEMENT
Title The new panchayati raj in Karnataka : An evaluation
250 ## - EDITION STATEMENT
Edition statement
260 ## - PUBLICATION, DISTRIBUTION, ETC.
Place of publication, distribution, etc. New Delhi
Name of publisher, distributor, etc. Institute of Social Sciences
Date of publication, distribution, etc. 1992
300 ## - PHYSICAL DESCRIPTION
Extent 140p
Other physical details a140p
Dimensions
365 ## - TRADE PRICE
Price amount Rs.150
650 ## - SUBJECT ADDED ENTRY--TOPICAL TERM
Topical term or geographic name entry element 1.Panchayati Raj - System - Karnataka - An Evaluation<br/>2.Local Government - Karnataka
700 ## - ADDED ENTRY--PERSONAL NAME
Personal name
--
Holdings
Withdrawn status Lost status Damaged status Not for loan Home library Current library Shelving location Date acquired Cost, normal purchase price Total Checkouts Full call number Barcode Date last seen Price effective from Koha item type
        . .   30.05.2017 150.00   320.8 NEW-1 5515 14.06.2024 30.05.2017 BOOKs